[Event "zonal 3A"]
[Site "Stara Zagora BUL"]
[Date "1990.??.??"]
[Round "1"]
[White "Dimitrov, Vladimir"]
[Black "Moldovan, Daniel"]
[Result "1-0"]
[WhiteElo "2455"]
[BlackElo "2335"]
[EventDate "1990.02.??"]
[PlyCount "77"]

1.e4 c5 2.Nf3 Nc6 3.d4 cxd4 4.Nxd4 g6 5.c4 Bg7 6.Be3 Nf6 7.Nc3 d6 8.Be2 
O-O 9.O-O Bd7 10.Qd2 Nxd4 11.Bxd4 Bc6 12.f3 a5 13.b3 Nd7 14.Be3 Nc5 15.
Rab1 Qb6 16.Rfc1 Qb4 17.Rc2 Rfc8 18.Qc1 Qb6 19.a3 Qd8 20.b4 axb4 21.axb4 
Na4 22.Nd1 e6 23.Qd2 Nb6 24.Bd4 Ba4 25.Rc3 Bxd1 26.Rxd1 Ra4 27.Bxg7 Kxg7 
28.c5 Qc7 29.Rdc1 Nd7 30.Rd3 Nxc5 31.bxc5 dxc5 32.Qc3+ Kg8 33.Rcd1 Qb6 34.
Rd6 Qc7 35.Bc4 Rf8 36.Bb3 Rb4 37.Bxe6 Rb6 38.Rd7 Qf4 39.Rxf7 1-0

[Event "zonal 3A"]
[Site "Stara Zagora BUL"]
[Date "1990.??.??"]
[Round "1"]
[White "Kuczynski, Robert"]
[Black "Lechtynsky, Jiri"]
[Result "1/2-1/2"]
[WhiteElo "2460"]
[BlackElo "2430"]
[EventDate "1990.02.??"]
[PlyCount "31"]

1.e4 d6 2.d4 Nf6 3.Nc3 g6 4.Nf3 Bg7 5.Be2 O-O 6.O-O c6 7.Bf4 Qa5 8.Qd2 
Nbd7 9.Bh6 e5 10.Bxg7 Kxg7 11.Rad1 Re8 12.Rfe1 Qb6 13.b3 exd4 14.Qxd4 Qxd4
15.Rxd4 Nb6 16.Rxd6 1/2-1/2

[Event "zonal 3A"]
[Site "Stara Zagora BUL"]
[Date "1990.??.??"]
[Round "1"]
[White "Lukacs, Peter"]
[Black "Ninov, Kiril"]
[Result "1/2-1/2"]
[WhiteElo "2505"]
[BlackElo "2465"]
[EventDate "1990.02.??"]
[PlyCount "35"]

1.d4 d5 2.c4 c6 3.Nc3 Nf6 4.e3 g6 5.Nf3 Bg7 6.Be2 O-O 7.O-O b6 8.Qc2 Bf5 
9.Qa4 dxc4 10.Qxc4 b5 11.Qb3 a5 12.Ne5 Nfd7 13.Nxd7 Nxd7 14.e4 Be6 15.d5 
Nc5 16.Qd1 Bd7 17.Be3 Na4 18.Nxa4 1/2-1/2

[Event "zonal 3A"]
[Site "Stara Zagora BUL"]
[Date "1990.??.??"]
[Round "1"]
[White "Tolnai, Tibor"]
[Black "Ftacnik, Lubomir"]
[Result "0-1"]
[WhiteElo "2490"]
[BlackElo "2560"]
[EventDate "1990.02.??"]
[PlyCount "92"]

1.e4 d6 2.d4 Nf6 3.Nc3 g6 4.Be3 c6 5.Qd2 b5 6.Bd3 Nbd7 7.Nf3 e5 8.dxe5 
dxe5 9.h3 Qe7 10.O-O-O a6 11.Rhe1 Bg7 12.Bh6 Bxh6 13.Qxh6 Bb7 14.Kb1 O-O-O
15.a3 Rhe8 16.Bf1 Nc5 17.Qe3 a5 18.Ng5 Rxd1+ 19.Rxd1 Nfd7 20.Nf3 Rd8 21.
Na2 f6 22.Nc1 Ne6 23.Nb3 a4 24.Na5 Ndc5 25.Rxd8+ Qxd8 26.Nxb7 Qd1+ 27.Qc1 
Qxc1+ 28.Kxc1 Kxb7 29.Nd2 Ng5 30.f3 Nge6 31.c3 h5 32.h4 g5 33.hxg5 fxg5 
34.Kc2 h4 35.b4 axb3+ 36.Nxb3 Nxb3 37.Kxb3 Kb6 38.c4 Kc5 39.cxb5 cxb5 40.
Kc3 Nf4 41.Kd2 Kb6 42.Ke3 Ka5 43.Kf2 Ka4 44.g3 Ne6 45.Bh3 hxg3+ 46.Kxg3 
Nd4 0-1

[Event "zonal 3A"]
[Site "Stara Zagora BUL"]
[Date "1990.??.??"]
[Round "2"]
[White "Ghinda, Mihail Viorel"]
[Black "Grunberg, Hans-Ulrich"]
[Result "1/2-1/2"]
[WhiteElo "2450"]
[BlackElo "2470"]
[EventDate "1990.02.??"]
[PlyCount "39"]

1.e4 c5 2.Nc3 d6 3.f4 e6 4.Nf3 Nf6 5.d4 cxd4 6.Nxd4 a6 7.Qf3 Qb6 8.Nb3 Nc6
9.Be3 Qc7 10.g4 b5 11.g5 Nd7 12.Bd3 Be7 13.h4 Nc5 14.Rh2 Bb7 15.Qh3 Nb4 
16.Rd1 O-O 17.g6 Nbxd3+ 18.cxd3 Nxb3 19.axb3 f5 20.Rc1 1/2-1/2

[Event "zonal 3A"]
[Site "Stara Zagora BUL"]
[Date "1990.??.??"]
[Round "2"]
[White "Lechtynsky, Jiri"]
[Black "Dimitrov, Vladimir"]
[Result "0-1"]
[WhiteElo "2430"]
[BlackElo "2455"]
[EventDate "1990.02.??"]
[PlyCount "122"]

1.Nf3 Nf6 2.c4 e6 3.Nc3 d5 4.d4 Bb4 5.e3 O-O 6.a3 Bxc3+ 7.bxc3 c5 8.Bb2 
Nc6 9.Bd3 dxc4 10.Bxc4 Qc7 11.Ba2 e5 12.Qc2 e4 13.Nd2 Bf5 14.f3 Bg6 15.
Nxe4 Nxe4 16.fxe4 Rae8 17.O-O Bxe4 18.Qe2 Qd6 19.Qg4 Bd3 20.Rfe1 Re4 21.
Qf3 Rh4 22.Qg3 Qxg3 23.hxg3 Rg4 24.dxc5 Bc4 25.Bxc4 Rxc4 26.a4 Re8 27.Rad1
Rxc5 28.Rd7 b6 29.Red1 h5 30.Rc7 Rxe3 31.c4 Re2 32.Bc3 Rxc4 33.Rd3 Re7 34.
Rxe7 Nxe7 35.Bb2 Rxa4 36.Rd8+ Kh7 37.Rd7 Re4 38.Rxa7 Kg6 39.Kf2 Re6 40.Rb7
Nf5 41.Kf3 f6 42.g4 Re3+ 43.Kf4 hxg4 44.Kxg4 Rb3 45.Bc1 b5 46.Kf4 Rb1 47.
Ba3 Rg1 48.Kf3 Nd4+ 49.Kf2 Rb1 50.g4 Rb3 51.Bd6 Ne6 52.Ke2 Nd8 53.Re7 Nf7 
54.Bf4 b4 55.Bd2 Rg3 56.Re4 b3 57.Rb4 b2 58.Rxb2 Rxg4 59.Rb7 Ne5 60.Bb4 
Rg2+ 61.Kf1 Rb2 0-1

[Event "zonal 3A"]
[Site "Stara Zagora BUL"]
[Date "1990.??.??"]
[Round "2"]
[White "Moldovan, Daniel"]
[Black "Tolnai, Tibor"]
[Result "0-1"]
[WhiteElo "2335"]
[BlackElo "2490"]
[EventDate "1990.02.??"]
[PlyCount "142"]

1.e4 c5 2.Nf3 e6 3.d4 cxd4 4.Nxd4 a6 5.Bd3 Qc7 6.O-O d6 7.Qe2 g6 8.Nc3 Bg7
9.Nb3 Nf6 10.a4 O-O 11.a5 Bd7 12.Na4 Bxa4 13.Rxa4 Nc6 14.Be3 Nd7 15.c3 
Nce5 16.Rd1 Nc5 17.Nxc5 dxc5 18.Bc2 Rfd8 19.Rda1 Bf8 20.f4 Nc6 21.Qf2 Rd7 
22.e5 Rad8 23.h3 Nd4 24.Rc4 Nxc2 25.Qxc2 Qc6 26.Kh2 Rd3 27.Re1 Qb5 28.Ra4 
c4 29.Raa1 Bc5 30.Bxc5 Qxc5 31.Re2 h5 32.Qc1 R8d5 33.Qg1 Qc7 34.Qa7 Kg7 
35.Ra4 Rd2 36.Qf2 Rd1 37.Re4 R5d2 38.Re2 Rd3 39.Re4 R1d2 40.Re2 Rxe2 41.
Qxe2 Qc6 42.Rb4 Qd5 43.Rb6 Rd2 44.Qf1 Qe4 45.Rb4 Qe3 46.Rxc4 h4 47.Rd4 Re2
48.Rd1 Rf2 49.Qd3 Qxf4+ 50.Kg1 Rxb2 51.Rf1 Qxe5 52.Qd7 Qe3+ 53.Kh1 Rf2 54.
Rxf2 Qxf2 55.Qxb7 Qe1+ 56.Kh2 Qe5+ 57.Kh1 Qxa5 58.c4 Qa1+ 59.Kh2 a5 60.Qe4
a4 61.c5 a3 62.c6 Qc3 63.Qa4 e5 64.c7 Qxc7 65.Qxa3 e4+ 66.Kg1 Qb6+ 67.Kh2 
Qd4 68.Qe7 e3 69.Qe8 Qf4+ 70.Kh1 Qf1+ 71.Kh2 e2 0-1

[Event "zonal 3A"]
[Site "Stara Zagora BUL"]
[Date "1990.??.??"]
[Round "2"]
[White "Ninov, Kiril"]
[Black "Gdanski, Jacek"]
[Result "1/2-1/2"]
[WhiteElo "2465"]
[BlackElo "2430"]
[EventDate "1990.02.??"]
[PlyCount "38"]

1.Nf3 Nf6 2.g3 c5 3.Bg2 g6 4.O-O Bg7 5.d4 cxd4 6.Nxd4 O-O 7.c4 Nc6 8.Nc3 
Nxd4 9.Qxd4 d6 10.Qd3 a6 11.Be3 Ng4 12.Bd4 Ne5 13.Qd1 Rb8 14.Ba7 Ra8 15.
Bd4 Rb8 16.a4 Be6 17.b3 Qa5 18.Nd5 Bxd5 19.Bxd5 Nc6 1/2-1/2

[Event "zonal 3A"]
[Site "Stara Zagora BUL"]
[Date "1990.??.??"]
[Round "3"]
[White "Ftacnik, Lubomir"]
[Black "Moldovan, Daniel"]
[Result "1-0"]
[WhiteElo "2560"]
[BlackElo "2335"]
[EventDate "1990.02.??"]
[PlyCount "79"]

1.d4 Nf6 2.Nf3 g6 3.c4 Bg7 4.Nc3 O-O 5.e4 d6 6.Be2 c5 7.O-O cxd4 8.Nxd4 
Nc6 9.Be3 Bd7 10.Qd2 Nxd4 11.Bxd4 Bc6 12.f3 a5 13.b3 Nd7 14.Be3 Nc5 15.
Rab1 Qb6 16.Rfc1 Rfc8 17.Rc2 Qd8 18.Nd1 Qf8 19.Nf2 h5 20.Nh3 Ne6 21.Nf2 
Bf6 22.Rd1 g5 23.Bf1 Qg7 24.g3 Qg6 25.Bh3 g4 26.fxg4 hxg4 27.Bxg4 Bxe4 28.
Nxe4 Qxe4 29.Bh3 Rc7 30.Qf2 a4 31.Re2 Qg6 32.Bxe6 fxe6 33.Bb6 Rc6 34.Rxe6 
axb3 35.axb3 Ra3 36.Bd4 Qg4 37.Ree1 Bxd4 38.Rxd4 Qg7 39.Rde4 Rc7 40.Qf5 
1-0

[Event "zonal 3A"]
[Site "Stara Zagora BUL"]
[Date "1990.??.??"]
[Round "3"]
[White "Gdanski, Jacek"]
[Black "Blatny, Pavel"]
[Result "1-0"]
[WhiteElo "2430"]
[BlackElo "2510"]
[EventDate "1990.02.??"]
[PlyCount "59"]

1.e4 e5 2.Nc3 Nf6 3.Bc4 Nc6 4.d3 Na5 5.Nge2 Nxc4 6.dxc4 Be7 7.O-O O-O 8.
Ng3 d6 9.h3 Be6 10.b3 Ne8 11.Qd3 Bh4 12.f4 Bxg3 13.Qxg3 exf4 14.Bxf4 f6 
15.Rf2 Qe7 16.Kh2 Rd8 17.Re1 Rd7 18.Qe3 a5 19.Bg3 Qd8 20.c5 c6 21.Na4 Re7 
22.Rd2 d5 23.exd5 cxd5 24.c4 Rff7 25.Qf2 Nc7 26.Nb6 f5 27.Bh4 d4 28.Qxd4 
Qf8 29.Bxe7 Qxe7 30.Qd6 1-0

[Event "zonal 3A"]
[Site "Stara Zagora BUL"]
[Date "1990.??.??"]
[Round "4"]
[White "Ghinda, Mihail Viorel"]
[Black "Gdanski, Jacek"]
[Result "1/2-1/2"]
[WhiteElo "2450"]
[BlackElo "2430"]
[EventDate "1990.02.??"]
[PlyCount "108"]

1.e4 e6 2.d4 d5 3.Nd2 Nf6 4.Bd3 c5 5.e5 Nfd7 6.c3 Nc6 7.Ne2 cxd4 8.cxd4 f6
9.exf6 Nxf6 10.Nf3 Qc7 11.O-O Bd6 12.Bg5 O-O 13.Bh4 e5 14.dxe5 Nxe5 15.
Nxe5 Bxe5 16.Bg3 Bxg3 17.Nxg3 Qb6 18.Qd2 Bd7 19.Rac1 Rac8 20.Bf5 Rxc1 21.
Rxc1 Bxf5 22.Nxf5 g6 23.Ne7+ Kg7 24.Nc8 Qa6 25.Qd4 b6 26.Nd6 Qe2 27.Rc7+ 
Kg8 28.g3 Qe6 29.Nb5 a6 30.Nc3 b5 31.Rb7 Qc6 32.Rb6 Qc4 33.Qxc4 dxc4 34.
Rxa6 b4 35.Nd1 Ng4 36.h3 Rd8 37.hxg4 Rxd1+ 38.Kg2 Rd2 39.Rc6 b3 40.a4 Rxb2
41.Rxc4 Ra2 42.Rb4 b2 43.a5 Rxa5 44.Rxb2 h5 45.gxh5 Rxh5 46.Rb7 Ra5 47.Kh3
Ra4 48.f4 Ra3 49.Kh4 Rf3 50.Rb4 Kg7 51.g4 Kh6 52.g5+ Kg7 53.Rb7+ Kg8 54.
Kg4 Ra3 1/2-1/2

[Event "zonal 3A"]
[Site "Stara Zagora BUL"]
[Date "1990.??.??"]
[Round "4"]
[White "Lechtynsky, Jiri"]
[Black "Ftacnik, Lubomir"]
[Result "0-1"]
[WhiteElo "2430"]
[BlackElo "2560"]
[EventDate "1990.02.??"]
[PlyCount "144"]

1.e4 c5 2.g3 g6 3.Bg2 Bg7 4.Ne2 Nc6 5.c3 e5 6.d3 Nge7 7.Nd2 O-O 8.O-O d5 
9.f4 Be6 10.Nf3 dxe4 11.dxe4 Bc4 12.Qxd8 Raxd8 13.Re1 b6 14.Be3 Rd3 15.Nc1
Rd6 16.Nd2 Ba6 17.Bf1 Bxf1 18.Kxf1 f5 19.Kg2 Rd7 20.Ncb3 fxe4 21.Nxe4 Nd5 
22.fxe5 Nxe5 23.Re2 Nd3 24.Rf1 Rxf1 25.Kxf1 Nxe3+ 26.Rxe3 Nxb2 27.Ke2 Nc4 
28.Rd3 Rxd3 29.Kxd3 Ne5+ 30.Ke2 Kf8 31.Nd6 Nc6 32.Ne4 Ke7 33.Nbd2 Ne5 34.
h3 Bh6 35.Nf1 Ke6 36.Ne3 Nf7 37.Ng4 Bg7 38.Ne3 h6 39.Kd3 Ne5+ 40.Ke2 Nd7 
41.a4 Ne5 42.g4 Nf7 43.h4 Ke5 44.Kf3 Nd6 45.Nf2 Ke6 46.Ned1 Bf6 47.h5 gxh5
48.gxh5 Kf5 49.Ne3+ Kg5 50.Nd5 Bh8 51.Nh3+ Kxh5 52.Nhf4+ Kg5 53.a5 bxa5 
54.Ne6+ Kf5 55.Nxc5 Nc4 56.Ne7+ Ke5 57.Na4 Nb6 58.Nb2 Ke6 59.Nc6 Bxc3 60.
Nd1 Bb4 61.Nxa7 Kd5 62.Nb5 Kc5 63.Nc7 Nd5 64.Ne6+ Kc4 65.Nb2+ Kc3 66.Nd1+ 
Kd2 67.Nf2 a4 68.Ne4+ Kc1 69.Nd4 a3 70.Nf2 a2 71.Nd3+ Kd2 72.Nf2 Kc3 0-1

[Event "zonal 3A"]
[Site "Stara Zagora BUL"]
[Date "1990.??.??"]
[Round "4"]
[White "Ninov, Kiril"]
[Black "Dimitrov, Vladimir"]
[Result "1/2-1/2"]
[WhiteElo "2465"]
[BlackElo "2455"]
[EventDate "1990.02.??"]
[PlyCount "30"]

1.Nf3 Nf6 2.g3 d5 3.Bg2 e6 4.O-O Be7 5.d4 O-O 6.c4 dxc4 7.Nc3 Nbd7 8.e4 c6
9.a4 e5 10.dxe5 Ng4 11.Bf4 Qa5 12.Qd4 Rd8 13.Qxc4 Ngxe5 14.Nxe5 Nxe5 15.
Qb3 b6 1/2-1/2

[Event "zonal 3A"]
[Site "Stara Zagora BUL"]
[Date "1990.??.??"]
[Round "5"]
[White "Ftacnik, Lubomir"]
[Black "Georgiev, Kiril"]
[Result "1/2-1/2"]
[WhiteElo "2560"]
[BlackElo "2605"]
[EventDate "1990.02.??"]
[PlyCount "23"]

1.d4 Nf6 2.Nf3 g6 3.c4 Bg7 4.Nc3 d5 5.cxd5 Nxd5 6.e4 Nxc3 7.bxc3 c5 8.Rb1 
O-O 9.Be2 cxd4 10.cxd4 Qa5+ 11.Qd2 Qxd2+ 12.Bxd2 1/2-1/2

[Event "zonal 3A"]
[Site "Stara Zagora BUL"]
[Date "1990.??.??"]
[Round "5"]
[White "Gdanski, Jacek"]
[Black "Grunberg, Hans-Ulrich"]
[Result "0-1"]
[WhiteElo "2430"]
[BlackElo "2470"]
[EventDate "1990.02.??"]
[PlyCount "80"]

1.e4 c5 2.Nf3 d6 3.d4 cxd4 4.Nxd4 Nf6 5.Nc3 Nc6 6.Be3 e6 7.Bc4 Be7 8.Qe2 
a6 9.Bb3 Qc7 10.O-O-O O-O 11.g4 Nd7 12.Rhg1 Nc5 13.g5 b5 14.Bd5 Bd7 15.Nf5
exf5 16.g6 Be6 17.exf5 Bxf5 18.gxf7+ Rxf7 19.Bxf7+ Kxf7 20.Qh5+ Bg6 21.
Qf3+ Kg8 22.Nd5 Qb8 23.Nxe7+ Nxe7 24.h4 Qb7 25.Qxb7 Nxb7 26.c3 Rc8 27.Bf4 
Rc6 28.Rge1 Kf7 29.Rd4 Nf5 30.Rd5 Nxh4 31.Bg5 Nf5 32.Kd2 h6 33.Bf4 Nc5 34.
f3 Na4 35.Kc1 Rc5 36.Red1 Rc6 37.Bxd6 Ne3 38.Be5 Nxd5 39.Rxd5 Rc5 40.Rd7+ 
Ke8 0-1

[Event "zonal 3A"]
[Site "Stara Zagora BUL"]
[Date "1990.??.??"]
[Round "5"]
[White "Kuczynski, Robert"]
[Black "Ghinda, Mihail Viorel"]
[Result "1/2-1/2"]
[WhiteElo "2460"]
[BlackElo "2450"]
[EventDate "1990.02.??"]
[PlyCount "37"]

1.e4 c5 2.Nf3 d6 3.d4 cxd4 4.Nxd4 Nf6 5.Nc3 e6 6.Be2 a6 7.f4 Be7 8.O-O Qc7
9.Kh1 O-O 10.a4 b6 11.Bf3 Bb7 12.e5 dxe5 13.Bxb7 Qxb7 14.fxe5 Nfd7 15.Bf4 
Bc5 16.Nf3 Nc6 17.Ne4 Rad8 18.Qe2 Be7 19.Rad1 1/2-1/2

[Event "zonal 3A"]
[Site "Stara Zagora BUL"]
[Date "1990.??.??"]
[Round "5"]
[White "Moldovan, Daniel"]
[Black "Lechtynsky, Jiri"]
[Result "1/2-1/2"]
[WhiteElo "2335"]
[BlackElo "2430"]
[EventDate "1990.02.??"]
[PlyCount "106"]

1.e4 e5 2.Bc4 Nf6 3.d3 c6 4.Nf3 Be7 5.O-O d6 6.c3 O-O 7.Bb3 Nbd7 8.Re1 Re8
9.d4 Bf8 10.Nbd2 h6 11.h3 g6 12.Bc2 Qc7 13.Nf1 Bg7 14.Ng3 b5 15.Be3 Bb7 
16.Qd2 Kh7 17.Rad1 c5 18.d5 Nb6 19.b3 c4 20.b4 a5 21.Rb1 axb4 22.Rxb4 Rxa2
23.Rxb5 Nbd7 24.Reb1 Ba6 25.R5b2 Rxb2 26.Rxb2 Nc5 27.Bxc5 Qxc5 28.Ba4 Rd8 
29.Rb4 Qc7 30.Qb2 Nd7 31.Bxd7 Qxd7 32.Nd2 h5 33.Nxc4 Qe7 34.Na5 Qg5 35.Nc6
Re8 36.c4 Bc8 37.Qa3 f5 38.Rb8 h4 39.Nf1 fxe4 40.Ne3 Rf8 41.Qxd6 Qf4 42.
Rb2 Bxh3 43.gxh3 Qg5+ 44.Kh1 Rxf2 45.Rxf2 Qxe3 46.Ne7 Qxh3+ 47.Kg1 Qg3+ 
48.Kf1 Qd3+ 49.Re2 Qf3+ 50.Ke1 Qg3+ 51.Kd1 Qb3+ 52.Ke1 Qg3+ 53.Kd1 Qb3+ 
1/2-1/2

[Event "zonal 3A"]
[Site "Stara Zagora BUL"]
[Date "1990.??.??"]
[Round "5"]
[White "Tolnai, Tibor"]
[Black "Ninov, Kiril"]
[Result "1/2-1/2"]
[WhiteElo "2490"]
[BlackElo "2465"]
[EventDate "1990.02.??"]
[PlyCount "109"]

1.e4 e5 2.Nf3 Nc6 3.Bb5 Nf6 4.O-O Bc5 5.Nxe5 Nxe4 6.Qe2 Nxe5 7.Qxe4 Qe7 8.
d4 Nc6 9.Qg4 h5 10.Qxg7 Bxd4 11.Qg3 a6 12.Bxc6 dxc6 13.Qd3 Bg7 14.Nc3 Bd7 
15.Qg3 Be5 16.Bf4 h4 17.Qe3 Bxf4 18.Qxf4 O-O-O 19.Qe3 Qxe3 20.fxe3 Be6 21.
Rad1 Rdg8 22.Rf4 Rg5 23.Rd2 h3 24.g3 a5 25.a3 b6 26.Kf2 Kb7 27.Ne2 b5 28.
Nd4 Rd8 29.Rd3 Ba2 30.e4 Rc5 31.c3 Re5 32.Ke3 Rde8 33.Nf3 R5e7 34.Nd2 a4 
35.Kf3 Be6 36.g4 c5 37.Nf1 Bc4 38.Rd1 Be6 39.Ne3 Rg8 40.Nf5 Ree8 41.Nh6 
Bb3 42.Rd7 Rd8 43.Rxd8 Rxd8 44.Kg3 b4 45.g5 Kb6 46.Kxh3 Rd2 47.Rf6+ Kb5 
48.Nxf7 Rxb2 49.cxb4 cxb4 50.g6 Rb1 51.Rf5+ c5 52.Kg2 Rb2+ 53.Kh3 Rb1 54.
Kg2 Rb2+ 55.Kh3 1/2-1/2

[Event "zonal 3A"]
[Site "Stara Zagora BUL"]
[Date "1990.??.??"]
[Round "6"]
[White "Blatny, Pavel"]
[Black "Tolnai, Tibor"]
[Result "0-1"]
[WhiteElo "2510"]
[BlackElo "2490"]
[EventDate "1990.02.??"]
[PlyCount "82"]

1.d4 Nf6 2.Nf3 e6 3.Bg5 h6 4.Bxf6 Qxf6 5.e4 d6 6.Nc3 Nd7 7.Qd2 c6 8.O-O-O 
Qd8 9.Kb1 Be7 10.h4 e5 11.dxe5 dxe5 12.g4 Qc7 13.Be2 Nf8 14.g5 h5 15.Qd3 
Ng6 16.Ne1 Be6 17.Qg3 Nf4 18.Ng2 g6 19.Bf3 O-O 20.Ne2 Nxe2 21.Bxe2 Rfd8 
22.Qc3 Qb6 23.Ne3 Rd4 24.Nc4 Rxd1+ 25.Bxd1 Qxf2 26.Nxe5 Rd8 27.Nd3 Qg3 28.
Qe1 Qc7 29.Qf2 Qa5 30.a3 Bc4 31.Nc1 Bc5 32.Qg3 Bd6 33.Qf3 Be5 34.Be2 Qb5 
35.b3 Bxe2 36.Qxe2 Qa5 37.Nd3 Bd4 38.Ka2 c5 39.Rb1 Bc3 40.Rf1 Rd6 41.Qf3 
Qxa3+ 0-1

[Event "zonal 3A"]
[Site "Stara Zagora BUL"]
[Date "1990.??.??"]
[Round "6"]
[White "Ghinda, Mihail Viorel"]
[Black "Dimitrov, Vladimir"]
[Result "1/2-1/2"]
[WhiteElo "2450"]
[BlackElo "2455"]
[EventDate "1990.02.??"]
[PlyCount "72"]

1.e4 e6 2.d4 d5 3.Nd2 Nf6 4.Bd3 c5 5.e5 Nfd7 6.c3 Nc6 7.Ne2 Qb6 8.Nf3 cxd4
9.cxd4 f6 10.exf6 Nxf6 11.O-O Bd6 12.Nc3 O-O 13.Be3 Bd7 14.a3 Be8 15.Ng5 
Ne7 16.h3 Bc7 17.Rc1 h6 18.Nf3 Bh5 19.Be2 Nf5 20.Na4 Qd6 21.Ne5 Nxe3 22.
fxe3 Bxe2 23.Qxe2 Nd7 24.Nf3 e5 25.Qb5 e4 26.Qxb7 exf3 27.Rxc7 fxg2 28.
Rxf8+ Rxf8 29.Rxd7 Qg3 30.Qxd5+ Kh8 31.Rf7 Qxe3+ 32.Kxg2 Qe2+ 33.Kg1 Qe1+ 
34.Kg2 Qe2+ 35.Kg3 Qe1+ 36.Kg2 Qe2+ 1/2-1/2

[Event "zonal 3A"]
[Site "Stara Zagora BUL"]
[Date "1990.??.??"]
[Round "6"]
[White "Lukacs, Peter"]
[Black "Gdanski, Jacek"]
[Result "1-0"]
[WhiteElo "2505"]
[BlackElo "2430"]
[EventDate "1990.02.??"]
[PlyCount "79"]

1.d4 Nf6 2.c4 c5 3.d5 g6 4.Nc3 d6 5.e4 Bg7 6.Nf3 O-O 7.h3 e6 8.Bd3 exd5 9.
exd5 Re8+ 10.Be3 Bh6 11.O-O Bxe3 12.fxe3 Nbd7 13.Qd2 Kg7 14.Rf2 Qe7 15.
Raf1 Rf8 16.e4 Ne8 17.Bc2 Ne5 18.Nxe5 dxe5 19.Qe3 b6 20.Ba4 Nd6 21.Bc6 Bb7
22.Rf6 Qxf6 23.Rxf6 Kxf6 24.Qh6 Rad8 25.Qh4+ Kg7 26.Qe7 Bc8 27.b3 Kg8 28.
Qxa7 f5 29.Qxb6 fxe4 30.Qxc5 Rf6 31.Qe3 Rdf8 32.Nxe4 Rf1+ 33.Kh2 Nf5 34.
Qg5 Kg7 35.Ng3 Re1 36.Qd2 Rb1 37.Nxf5+ Bxf5 38.d6 e4 39.d7 Rd8 40.Qd4+ 1-0

[Event "zonal 3A"]
[Site "Stara Zagora BUL"]
[Date "1990.??.??"]
[Round "6"]
[White "Ninov, Kiril"]
[Black "Ftacnik, Lubomir"]
[Result "0-1"]
[WhiteElo "2465"]
[BlackElo "2560"]
[EventDate "1990.02.??"]
[PlyCount "88"]

1.Nf3 Nf6 2.c4 g6 3.Nc3 Bg7 4.g3 O-O 5.Bg2 d5 6.cxd5 Nxd5 7.O-O Nc6 8.d4 
Nb6 9.e3 Re8 10.d5 Na5 11.Nd4 Bd7 12.a4 Rc8 13.Nb3 Nbc4 14.Nc5 c6 15.Nxd7 
Qxd7 16.dxc6 Qxd1 17.Rxd1 bxc6 18.Bf1 Red8 19.Ra2 Bxc3 20.Rxd8+ Rxd8 21.
bxc3 Rd1 22.Rc2 e5 23.e4 Nb3 24.Kg2 Na1 25.Be2 Re1 26.Ra2 Rxc1 27.Bxc4 Kg7
28.Ra3 Nc2 29.Rb3 Ne1+ 30.Kh3 Rc2 31.Rb7 Rxf2 32.Rxa7 h5 33.a5 g5 34.Rxf7+
Rxf7 35.Bxf7 Kxf7 36.g4 h4 37.a6 Nd3 38.Kg2 Nf4+ 39.Kf3 Ne6 40.a7 Nc7 41.
Ke3 Ke6 42.Kd3 Kd6 43.Kc4 c5 44.Kb3 Kc6 0-1

[Event "zonal 3A"]
[Site "Stara Zagora BUL"]
[Date "1990.??.??"]
[Round "7"]
[White "Dimitrov, Vladimir"]
[Black "Grunberg, Hans-Ulrich"]
[Result "1/2-1/2"]
[WhiteElo "2455"]
[BlackElo "2470"]
[EventDate "1990.02.??"]
[PlyCount "34"]

1.e4 c5 2.Nf3 d6 3.d4 cxd4 4.Nxd4 Nf6 5.Nc3 a6 6.Bg5 e6 7.f4 Qc7 8.Bxf6 
gxf6 9.Be2 Nc6 10.Nb3 b5 11.a3 Bb7 12.Bd3 h5 13.O-O Be7 14.Qf3 h4 15.Qh3 
Na5 16.Nxa5 Qxa5 17.f5 e5 1/2-1/2

[Event "zonal 3A"]
[Site "Stara Zagora BUL"]
[Date "1990.??.??"]
[Round "7"]
[White "Ftacnik, Lubomir"]
[Black "Blatny, Pavel"]
[Result "0-1"]
[WhiteElo "2560"]
[BlackElo "2510"]
[EventDate "1990.02.??"]
[PlyCount "106"]

1.d4 Nf6 2.Nf3 e6 3.c4 d5 4.Nc3 Bb4 5.Bg5 Nbd7 6.e3 c5 7.cxd5 exd5 8.Bd3 
Qa5 9.Qc2 c4 10.Bf5 O-O 11.O-O Re8 12.Nd2 g6 13.Bxd7 Nxd7 14.Rfe1 Nb6 15.
f3 Bd7 16.e4 dxe4 17.h4 Bxc3 18.Qxc3 Qxc3 19.bxc3 exf3 20.Ne4 Nd5 21.gxf3 
Bc6 22.Kf2 Re6 23.Bd2 Rae8 24.a3 Nc7 25.Bf4 Nd5 26.Bd2 a5 27.Rac1 h5 28.
Ng3 Nc7 29.Rxe6 Rxe6 30.Ne2 Rf6 31.Nf4 Ne6 32.Kg3 Ng7 33.d5 Nf5+ 34.Kf2 
Bxd5 35.Nxd5 Rd6 36.Nf6+ Rxf6 37.Rb1 Nxh4 38.Bg5 Rxf3+ 39.Ke2 Rh3 40.Rxb7 
Rh2+ 41.Ke3 Nf5+ 42.Kf3 Rh3+ 43.Kf4 Ng7 44.Rb8+ Kh7 45.Bf6 Ne6+ 46.Ke4 g5 
47.Be5 Ng7 48.Ra8 Rd3 49.Bd4 h4 50.Rxa5 h3 51.Rb5 h2 52.Rb1 f5+ 53.Kd5 g4 
0-1

[Event "zonal 3A"]
[Site "Stara Zagora BUL"]
[Date "1990.??.??"]
[Round "7"]
[White "Kuczynski, Robert"]
[Black "Lukacs, Peter"]
[Result "1-0"]
[WhiteElo "2460"]
[BlackElo "2505"]
[EventDate "1990.02.??"]
[PlyCount "59"]

1.e4 e5 2.Nf3 Nc6 3.Bc4 Bc5 4.c3 Nf6 5.d3 d6 6.O-O a6 7.Bb3 Ba7 8.Nbd2 O-O
9.h3 Be6 10.Re1 h6 11.Nf1 Re8 12.N3h2 d5 13.Qf3 Na5 14.Bc2 Kh8 15.Ng3 c5 
16.Ng4 Nxg4 17.hxg4 d4 18.Nf5 Kg8 19.g3 f6 20.Kg2 Kf7 21.g5 hxg5 22.Qh5+ 
Kg8 23.b4 Nc6 24.Rh1 Bxf5 25.exf5 Qd5+ 26.Kg1 b5 27.Bd1 e4 28.Qh8+ Kf7 29.
Bh5+ Ke7 30.Qxg7+ 1-0

[Event "zonal 3A"]
[Site "Stara Zagora BUL"]
[Date "1990.??.??"]
[Round "7"]
[White "Lechtynsky, Jiri"]
[Black "Georgiev, Kiril"]
[Result "0-1"]
[WhiteElo "2430"]
[BlackElo "2605"]
[EventDate "1990.02.??"]
[PlyCount "68"]

1.d4 Nf6 2.Nf3 d5 3.c4 dxc4 4.Qa4+ c6 5.Qxc4 Bf5 6.g3 e6 7.Bg2 Nbd7 8.O-O 
Be7 9.Nc3 O-O 10.e3 a5 11.Qe2 Ne4 12.Nd2 Nxd2 13.Bxd2 a4 14.e4 Bg6 15.a3 
Nf6 16.Be3 Qa5 17.Rfd1 Rfd8 18.Rac1 Rd7 19.h3 h5 20.f4 Bd8 21.Bf3 Bb6 22.
g4 hxg4 23.hxg4 Rad8 24.g5 Ne8 25.d5 exd5 26.exd5 Nd6 27.Bxb6 Qxb6+ 28.Qf2
Qb3 29.dxc6 bxc6 30.Bxc6 Ne4 31.Rxd7 Nxf2 32.Rxd8+ Kh7 33.Ne2 Qe3 34.Kf1 
Nd3 0-1

[Event "zonal 3A"]
[Site "Stara Zagora BUL"]
[Date "1990.??.??"]
[Round "7"]
[White "Moldovan, Daniel"]
[Black "Ninov, Kiril"]
[Result "1/2-1/2"]
[WhiteElo "2335"]
[BlackElo "2465"]
[EventDate "1990.02.??"]
[PlyCount "83"]

1.e4 e5 2.Bc4 Nf6 3.d3 Bc5 4.Nc3 Nc6 5.f4 d6 6.Nf3 Na5 7.Qe2 Nxc4 8.dxc4 
c6 9.Be3 Bxe3 10.Qxe3 Ng4 11.Qd2 exf4 12.Qxf4 Qf6 13.Qxf6 Nxf6 14.O-O-O 
Ke7 15.Rhe1 Nd7 16.Re2 Ne5 17.c5 Bg4 18.cxd6+ Ke6 19.Rf2 f6 20.Ne2 Rhe8 
21.h3 Bxf3 22.gxf3 Rad8 23.Nf4+ Kf7 24.b3 Rd7 25.Ng2 Kg8 26.c4 c5 27.Ne3 
Red8 28.Nf5 g6 29.Ne7+ Kg7 30.f4 Nf7 31.Nd5 Rxd6 32.Re1 Re6 33.Rfe2 Nd6 
34.e5 fxe5 35.Rxe5 Rxe5 36.fxe5 Nf5 37.e6 Re8 38.Re5 b6 39.Nc7 Re7 40.Nd5 
Re8 41.Nc7 Re7 42.Nd5 1/2-1/2

[Event "zonal 3A"]
[Site "Stara Zagora BUL"]
[Date "1990.??.??"]
[Round "7"]
[White "Tolnai, Tibor"]
[Black "Ghinda, Mihail Viorel"]
[Result "1/2-1/2"]
[WhiteElo "2490"]
[BlackElo "2450"]
[EventDate "1990.02.??"]
[PlyCount "135"]

1.e4 d6 2.d4 Nf6 3.Nc3 g6 4.Be3 c6 5.Qd2 b5 6.Bd3 Nbd7 7.Nf3 e5 8.h3 Bb7 
9.a3 a6 10.O-O Bg7 11.Rfe1 O-O 12.Rad1 Re8 13.Bf1 exd4 14.Bxd4 c5 15.Bxf6 
Nxf6 16.Qxd6 Qxd6 17.Rxd6 Nxe4 18.Nxe4 Rxe4 19.Rxe4 Bxe4 20.c3 Bf8 21.Rd1 
Bc2 22.Rd7 Bb3 23.c4 bxc4 24.Ne5 c3 25.bxc3 Be6 26.Rb7 Rd8 27.Bxa6 Rd1+ 
28.Bf1 Bd6 29.Ng4 Bf4 30.g3 h5 31.Nf6+ Kg7 32.Ne8+ Kf8 33.gxf4 Kxe8 34.
Rb8+ Kd7 35.Kg2 Bxh3+ 36.Kxh3 Rxf1 37.Rb7+ Ke6 38.Rc7 Rxf2 39.Kg3 Ra2 40.
Rxc5 Rxa3 41.Rc6+ Kd7 42.Rc5 Kd6 43.Rc8 Ra7 44.f5 g5 45.Rh8 Ke5 46.Rxh5 
Kxf5 47.Rh1 Rc7 48.Rc1 Rc4 49.Kf3 Ke5 50.Ke3 f5 51.Kd3 Rh4 52.c4 Rh3+ 53.
Ke2 Ke4 54.Kf2 f4 55.c5 Rh2+ 56.Kg1 Rh7 57.c6 Rc7 58.Kf2 Kd5 59.Rg1 Rxc6 
60.Rxg5+ Ke4 61.Ra5 Rc2+ 62.Kf1 Rc3 63.Kf2 Rf3+ 64.Ke2 Rh3 65.Ra8 Rh2+ 66.
Kf1 Kf3 67.Ra3+ Kg4 68.Rb3 1/2-1/2

[Event "zonal 3A"]
[Site "Stara Zagora BUL"]
[Date "1990.??.??"]
[Round "8"]
[White "Blatny, Pavel"]
[Black "Moldovan, Daniel"]
[Result "1-0"]
[WhiteElo "2510"]
[BlackElo "2335"]
[EventDate "1990.02.??"]
[PlyCount "42"]

1.e4 c5 2.c3 e6 3.d4 d5 4.e5 Nc6 5.Nf3 Nh6 6.Bd3 cxd4 7.cxd4 Nf5 8.Bxf5 
exf5 9.O-O Be7 10.Nc3 g5 11.Ne1 f4 12.h4 h6 13.Qh5 gxh4 14.Bxf4 Be6 15.Be3
Qd7 16.Nd3 Bg4 17.e6 Bxe6 18.Bf4 O-O-O 19.Nb5 a6 20.Ne5 Qe8 21.Nxc6 Qxc6 
1-0

[Event "zonal 3A"]
[Site "Stara Zagora BUL"]
[Date "1990.??.??"]
[Round "8"]
[White "Gdanski, Jacek"]
[Black "Kuczynski, Robert"]
[Result "0-1"]
[WhiteElo "2430"]
[BlackElo "2460"]
[EventDate "1990.02.??"]
[PlyCount "64"]

1.e4 c5 2.Nf3 d6 3.d4 cxd4 4.Nxd4 Nf6 5.Nc3 a6 6.Be3 e5 7.Nb3 Be6 8.f4 Ng4
9.Bd2 Qb6 10.Qf3 exf4 11.Bxf4 Be7 12.O-O-O O-O 13.Nd4 Ne5 14.Qg3 Nbd7 15.
Nf5 Bxf5 16.Nd5 Qd8 17.exf5 Re8 18.Kb1 Rc8 19.Be2 Bh4 20.Qa3 Nc5 21.Rhf1 
Bf6 22.g4 Ne4 23.Be3 Nc4 24.Bxc4 Rxc4 25.Bb6 Qc8 26.Qd3 Bg5 27.Bd4 Qc6 28.
b3 b5 29.Bb2 Rc5 30.Rfe1 Rxd5 31.Qxd5 Qxd5 32.Rxd5 Nd2+ 0-1